Vida de Ramón y Cajal / (Record no. 82422)

MARC details
000 -LEADER
campo de control de longitud fija 00642nam a2200205 i 4500
001 - NÚMERO DE CONTROL
campo de control 82422
003 - IDENTIFICADOR DE NÚMERO DE CONTROL
campo de control ES-MaACL
005 - FECHA Y HORA DE LA ÚLTIMA TRANSACCIÓN
campo de control 20230906174653.0
007 - CAMPO FIJO DE DESCRIPCIÓN FÍSICA--INFORMACIÓN GENERAL
campo de control de longitud fija t|
008 - DATOS DE LONGITUD FIJA--INFORMACIÓN GENERAL
campo de control de longitud fija 041110s1953 sp ||||1| spa d
100 1# - ENTRADA PRINCIPAL--NOMBRE DE PERSONA
Nombre de persona Igual Ubeda, Antonio.
9 (RLIN) 65156
245 10 - MENCIÓN DEL TÍTULO
Título Vida de Ramón y Cajal /
Mención de responsabilidad, etc. por Antonio Igual Úbeda.
260 ## - PUBLICACIÓN, DISTRIBUCIÓN, ETC.
Lugar de publicación, distribución, etc. Barcelona :
Nombre del editor, distribuidor, etc. Seix Barral,
Fecha de publicación, distribución, etc. 1953.
300 ## - DESCRIPCIÓN FÍSICA
Extensión 154 p., 8 lám. :
Otras características físicas retr. ;
Dimensiones 19 cm.
490 1# - MENCIÓN DE SERIE
Mención de serie Vidas de grandes hombres
600 14 - PUNTO DE ACCESO ADICIONAL DE MATERIA--NOMBRE DE PERSONA
Nombre de persona Ramón y Cajal, Santiago,
Fechas asociadas al nombre 1852-1934-
Subdivisión general Biografías
9 (RLIN) 95228
830 1# - PUNTO DE ACCESO ADICIONAL DE SERIE-TÍTULO UNIFORME
Título uniforme Vidas de grandes hombres
9 (RLIN) 183755
852 ## - LOCALIZACIÓN
Ubicación ES-MaACL
Número de control de estantería C-6496
Holdings
Estatus retirado Estado de pérdida Estado de daño No para préstamo Biblioteca de origen Biblioteca actual Ubicación en estantería Fecha de adquisición Fuente de adquisición Total de préstamos Signatura topográfica completa Código de barras Visto por última vez Precio de reemplazo Tipo de ítem Koha
        Biblioteca del Ateneo de Madrid Biblioteca del Ateneo de Madrid Sala Palomar 17/01/2008     C-6496 1086138 23/02/2023 23/02/2023 Libro impreso